|
|
|
|
| LEADER |
00819nab#a2200337#ar4500 |
| 001 |
000106331 |
| 003 |
SVKKK |
| 005 |
20111013102516.0 |
| 008 |
080707d1902 xo |||||||||||||||b|hun |
| FMT |
|
|
|
| 038 |
|
|
|a SVKKK
|
| 040 |
|
|
|a SVKKK
|b slo
|e AACR2
|
| 041 |
0 |
|
|a hun
|
| 044 |
|
|
|a xo
|c SK
|
| 080 |
|
|
|a 894.511(437.6)-1
|2 1981
|
| 100 |
1 |
|
|a Dalos
|4 aut
|
| 242 |
1 |
0 |
|a Ty
|c Dalos
|
| 245 |
1 |
0 |
|a Te
|c Dalos
|
| 246 |
3 |
6 |
|a Rubrika: "Tárcza"
|
| 520 |
2 |
|
|a Báseň. [Autor- zatiľ nefešifrovaný-pravdepodobne regionálny]
|
| 650 |
0 |
4 |
|a báseň
|x literatúra maďarská
|
| 655 |
|
4 |
|a hungariká
|
| 773 |
0 |
|
|t Felső-Zemplén
|g Roč. 7, č. 3 (16.01.1902) s. 1
|
| 957 |
|
|
|a Zemplín?
|
| 958 |
|
|
|a DG
|
| 958 |
|
|
|a HU
|
| 974 |
|
|
|a KKá
|
| 992 |
|
|
|a RBX
|
| 997 |
|
|
|a Dalos
|d Zemplín?
|4 aut
|
| BAS |
|
|
|
| 998 |
|
|
|a RETRO
|